|
|
|
|
| LEADER |
00000nam2a2200000 4500 |
| 001 |
256926 |
| 005 |
20231101233146.0 |
| 035 |
|
|
|a (RuTPU)RU\TPU\book\279681
|
| 035 |
|
|
|a RU\TPU\book\271403
|
| 090 |
|
|
|a 256926
|
| 100 |
|
|
|a 20140411d1987 k y0rusy50 ca
|
| 101 |
0 |
|
|a rus
|
| 102 |
|
|
|a RU
|
| 105 |
|
|
|a a z 001zy
|
| 200 |
0 |
|
|a Т. 38
|f под ред. Р. Г. Мириманова
|
| 210 |
|
|
|d 1987
|
| 215 |
|
|
|a 160 с.
|c ил.
|
| 320 |
|
|
|a Библиогр. в конце гл.
|
| 461 |
|
1 |
|0 (RuTPU)RU\TPU\book\134751
|x 0202-0769
|t Радиотехника
|f Академия наук СССР (АН СССР), Всесоюзный институт научной и технической информации (ВИНИТИ)
|v Т. 38
|d 1964-1991
|s Радиотехника
|
| 606 |
1 |
|
|a Радиотехника
|2 stltpush
|3 (RuTPU)RU\TPU\subj\71345
|9 85301
|
| 610 |
1 |
|
|a радиоприемные устройства
|
| 610 |
1 |
|
|a оптоэлектронные системы
|
| 610 |
1 |
|
|a измерительные системы
|
| 675 |
|
|
|a 621.37
|v 3
|
| 702 |
|
1 |
|a Мириманов
|b Р. Г.
|4 340
|
| 801 |
|
1 |
|a RU
|b 63413507
|c 20140110
|
| 801 |
|
2 |
|a RU
|b 63413507
|c 20140424
|g RCR
|
| 942 |
|
|
|c BK
|